Моделирование изоэнтропийной технологии комплексной подготовки газа; Химия и химическая технология в XXI веке

Opis bibliograficzny
Parent link:Химия и химическая технология в XXI веке.— 2018.— [С. 370-371]
1. autor: Елшин В. О.
Korporacja: Национальный исследовательский Томский политехнический университет Инженерная школа природных ресурсов Отделение химической инженерии
Kolejni autorzy: Кузьменко Е. А. Елена Анатольевна (научный руководитель)
Streszczenie:Заглавие с экрана
Język:rosyjski
Wydane: 2018
Seria:Технология и моделирование процессов подготовки и переработки углеводородного сырья
Hasła przedmiotowe:
Dostęp online:http://earchive.tpu.ru/handle/11683/49822
Format: MixedMaterials Elektroniczne Rozdział
KOHA link:https://koha.lib.tpu.ru/cgi-bin/koha/opac-detail.pl?biblionumber=626973

MARC

LEADER 00000naa2a2200000 4500
001 626973
005 20231101133434.0
035 |a (RuTPU)RU\TPU\conf\26652 
035 |a RU\TPU\conf\26640 
090 |a 626973 
100 |a 20180809d2018 k y0rusy50 ca 
101 0 |a rus 
102 |a RU 
105 |a y z 101zy 
135 |a drgn ---uucaa 
181 0 |a i  
182 0 |a b 
200 1 |a Моделирование изоэнтропийной технологии комплексной подготовки газа  |f В. О. Елшин  |g науч. рук. Е. А. Кузьменко 
203 |a Текст  |c электронный 
225 1 |a Технология и моделирование процессов подготовки и переработки углеводородного сырья 
230 |a 1 компьютерный файл (pdf; 821 Kb) 
300 |a Заглавие с экрана 
320 |a [Библиогр.: с. 371 (2 назв.)] 
463 0 |0 (RuTPU)RU\TPU\conf\26227  |t Химия и химическая технология в XXI веке  |o материалы XIX Международной научно-практической конференции студентов и молодых ученых имени профессора Л. П. Кулёва, 21-24 мая 2018 г., г. Томск  |f Национальный исследовательский Томский политехнический университет  |v [С. 370-371]  |d 2018 
610 1 |a электронный ресурс 
610 1 |a труды учёных ТПУ 
610 1 |a моделирование 
610 1 |a комплексная технология 
610 1 |a газы 
610 1 |a промысловая подготовка 
610 1 |a низкотемпературная сепарация 
610 1 |a газоконденсатные месторождения 
700 1 |a Елшин  |b В. О. 
702 1 |a Кузьменко  |b Е. А.  |c химик-технолог  |c доцент Томского политехнического университета, кандидат технических наук  |f 1958-  |g Елена Анатольевна  |2 stltpush  |4 727 
712 0 2 |a Национальный исследовательский Томский политехнический университет  |b Инженерная школа природных ресурсов  |b Отделение химической инженерии  |h 8085  |2 stltpush  |3 (RuTPU)RU\TPU\col\23513 
801 2 |a RU  |b 63413507  |c 20180821  |g RCR 
856 4 |u http://earchive.tpu.ru/handle/11683/49822 
942 |c BK